000 01131nam a22003377a 4500
003 CHAP
005 20220329135343.0
008 971013s1977 r 00010 d
010 _a34925
011 _a35897
035 _a40014
040 _cCHAP
082 _a574.55
_bO5Y 1974
100 0 0 _aOlsen, Oliver Wilford.
_983197
245 _aParasitología animal
260 _aBarcelona :
_bAedos,
_c1977
300 _a2 v.
_b: ilus.
490 _aBiblioteca veterinaria Aedos
500 _aTrad. de la 3 ed. en inglés de 1974
505 _aContenido : v.1 El parasitismo y los protozoos.-v.2 Platelmintos, acantocéfalos y nematelmintos
590 _aBATCH-UPD
_b10
_c20130110
_lUCH01
_h0013
590 _aBATCH-UPD
_b10
_c20130110
_lUCH01
_h1835
590 _aBATCH-UPD
_b10
_c20130410
_lUCH01
_h1207
590 _aBATCH-UPD
_b10
_c20130914
_lUCH01
_h0621
590 _aCONVERSION
_b10
_c20130109
_lUCH01
_h1320
650 1 4 _aParásitos.
_985652
830 0 _aBiblioteca veterinaria Aedos
_912482
901 _aBK
942 _cLIBRO
949 _a574.55 O5Y 1974
_bBC
_cLIBRO
_d33724000911731
_eLIBRO
_fv.2
_h47472
_i40014
_si
_t605.00
999 _c34925
_d34925